Direito do trabalho no STF 23-24

Bibliographic Details
Main Author: de Sousa Franco Filho, Georgenor
Format: eBook
Language:Portuguese
Published: San Pablo: LTR, 2021
Subjects:
Online Access:Acceso restringido

MARC

LEADER 00000nam a22000007a 4500
005 20220513221354.0
007 cr|||| ||||
008 220513s2021 br |||||s|||| 00||0 por d
020 |a 978-65-5883-076-4 
035 |a 36400 
040 |a vLex 
090 |c 13337  |d 13337 
100 1 |a de Sousa Franco Filho, Georgenor 
245 1 0 |a Direito do trabalho no STF 23-24  |h [Recurso electrn̤ico] /  |c Georgenor de Sousa Franco Filho 
256 |a Servicio en ln̕ea 
260 |a San Pablo:  |b LTR,  |c 2021 
300 |a 1 recurso electrn̤ico 
500 |a Neste ano de 2021, a LTr Editora entrega ̉comunidade jurd̕ica brasileira o DIREITO DO TRABALHO NO STF, proporcionando acesso direto, fc̀il e rp̀ido s̉ mais importantes decise̳s do Supremo Tribunal Federal, nos anos 2019 e 2020, sobre matřia trabalhista e disciplinas afins. Diferentemente dos volumes anteriores, este 23-24 ren︢e dois anos de produȯ̂ jurisprudencial do STF. Seu autor, o Prof. Georgenor de Sousa Franco Filho, que tambm̌ ̌magistrado trabalhista de carreira, vem fazendo a seleȯ̂ e inserindo comentr̀ios nos principais julgados do STF nesta que ̌uma das mais tradicionais obras que a LTr publica h ̀mais de duas dčadas. Neste volume duplo, como nas vezes anteriores, a obra vem dividida em seis partes. Sô temas de direito individual, direito coletivo e direito processual do trabalho, de Previdn̊cia Social e de Serviȯ Pb︢lico, alm̌ de outros assuntos palpitantes, inclusive todas as Sm︢ulas Vinculantes do STF sobre matřia trabalhista. É acompanhado de diversos n̕dices, inclusive o temt̀ico que facilita a remissô a todos os julgados de todos os vinte e trs̊ volumes da coletńea. Chamamos a atenȯ̂ dos leitores, neste n. 23-24, para os julgados que cuidam da reforma trabalhista, seja em matřia individual (terceirizaȯ̂, por exemplo), como coletiva (receita sindical, dentre outros) e tambm̌ decise̳s envolvendo a pandemia da Covid-19. Ademais, os interessados podem ter acesso a este volume 23-24 em suas duas verse̳s: impressa e digital, disponibilizada na rede mundial de computadores. 
506 1 |a Disponible solo en los productos indicados  |d vLex Global  |d vLex Global (Academic Edition, excluding Law Schools)  |d vLex Global (U.S. Academic Edition, Law Schools)  |d vLex Global (U.S. Academic Edition, excluding Law Schools)  |d vLex Global (Academic Edition, Law Schools) 
650 0 4 |a Derecho Laboral y Seguridad Social  |z Brasil 
740 0 |a vLex Libros (Servicio en ln̕ea) 
856 4 0 |u https://app.vlex.com/#/sources/36400  |z Acceso restringido 
942 |c BOOK 
999 0 |a Labor law and social security